Sette meraviglie del mondo moderno - Statistics

Statistiche generali
  • Questo quiz è stato fatto 33 volte
  • Il punteggio medio è 6 su 7
Statistiche sulle risposte
Data di costruzione Nazione Meraviglia del mondo % Corretto
80 Italia Colosseo
100%
1450 Perù Machu Pichu
94%
1643 India Taj Mahal
91%
1931 Brasile Cristo Redentore
88%
215 a.C. Cina Grande muraglia cinese
84%
312 a.C. Giordania Petra
84%
600 Messico Chichén Itzá
47%
Nessun quiz corrispondente trovato
Distribuzione punteggi
Percentuale di utenti per punteggio
Percentile per numero di risposta
I tuoi punteggi nel tempo
Non hai fatto questo quiz